[Event "Minsk Bronstein Memorial op"]
[Site "Minsk"]
[Date "2017.02.18"]
[Round "4"]
[White "Bulanov, Dmitri"]
[Black "Kovalev, Vladislav"]
[Result "0-1"]
[WhiteElo "2363"]
[BlackElo "2598"]
[PlyCount "56"]
[EventDate "2017.02.18"]
[EventType "swiss (rapid)"]
[EventRounds "10"]
[EventCountry "BLR"]
[SourceTitle "EXT 2018"]
[Source "ChessBase"]
[SourceDate "2017.10.13"]
[SourceVersion "1"]
[SourceVersionDate "2017.10.13"]
[SourceQuality "1"]

1. f4 Nh6 2. Nf3 d5 3. g3 g6 4. Bg2 Bg7 5. d3 d4 6. Nbd2 Nf5 7. Ne4 h5 8. c3 Nc6 9. cxd4 Nfxd4 10. Nxd4 Nxd4 11. h3 Nf5 12. e3 e5 13. 0-0 exf4 14. gxf4 Nh4 15. Ng5 Nxg2 16. Kxg2 Qd7 17. f5 gxf5 18. Rf4 Be5 19. Nf3 Bxf4 20. exf4 Qd5 21. Qa4+ Bd7 22. Qd4 Qxd4 23. Nxd4 c5 24. Nf3 Bc6 25. Be3 0-0-0 26. Rd1 c4 27. Kf2 Bxf3 28. Kxf3 Rxd3 0-1

[Event "EU-ch rapid"]
[Site "Minsk"]
[Date "2015.12.19"]
[Round "3"]
[White "Bulanov, Dmitri"]
[Black "Riazantsev, Alexander"]
[Result "0-1"]
[WhiteElo "2369"]
[BlackElo "2646"]
[PlyCount "151"]
[EventDate "2015.12.19"]
[EventType "swiss (rapid)"]
[EventRounds "11"]
[EventCountry "BLR"]
[SourceTitle "EXT 2017"]
[Source "ChessBase"]
[SourceDate "2016.10.25"]
[SourceVersion "1"]
[SourceVersionDate "2016.10.25"]
[SourceQuality "1"]

1. f4 d5 2. Nf3 g6 3. g3 c6 4. Bg2 Qb6 5. Nc3 Bg7 6. e3 Nd7 7. 0-0 Nh6 8. Kh1 0-0 9. d3 f5 10. e4 e6 11. Qe2 Nf7 12. e5 c5 13. Nd1 Qc7 14. Nf2 b5 15. c3 a5 16. a3 Bb7 17. Be3 Rfc8 18. Rfc1 Bf8 19. g4 Ra6 20. h4 Nh6 21. g5 Nf7 22. h5 Be7 23. Kg1 Qb8 24. Nh4 Nf8 25. Nh1 b4 26. axb4 cxb4 27. Ng3 a4 28. cxb4 Bxb4 29. Rxc8 Qxc8 30. hxg6 hxg6 31. Rc1 Rc6 32. Rxc6 Qxc6 33. Nf3 Ba6 34. Nd4 Qc8 35. Qd1 Bc5 36. Bf1 Qd7 37. Qc1 Ba7 38. Kf2 Nd8 39. Qc3 Qb7 40. Nge2 Nd7 41. Nc2 Nc6 42. Bxa7 Qxa7+ 43. Ned4 Nxd4 44. Nxd4 Qb6 45. Kg3 Kf7 46. Be2 Nc5 47. Bf1 Ke7 48. Be2 Kd7 49. Kg2 Ke8 50. Kf1 Ke7 51. Ke1 Kd7 52. Kf1 Nb3 53. Nc2 d4 54. Qe1 Qc6 55. Nb4 Qh1+ 56. Kf2 Qh4+ 57. Kf1 Qxf4+ 58. Qf2 Qc1+ 59. Qe1 Qf4+ 60. Qf2 Qxf2+ 61. Kxf2 Bb7 62. Bd1 Nc5 63. Ke2 Ke7 64. Kd2 Nd7 65. Nc2 Nxe5 66. Nxd4 Nf7 67. Bxa4 Nxg5 68. Bc6 Bxc6 69. Nxc6+ Kd6 70. Na5 f4 71. b4 Nf3+ 72. Kc3 g5 73. Nc4+ Kc6 74. Na3 g4 75. Kc4 g3 76. b5+ 0-1

[Event "EU-Cup 28th"]
[Site "Eilat"]
[Date "2012.10.15"]
[Round "5.2"]
[White "Bulanov, Dmitri"]
[Black "Rodshtein, Maxim"]
[Result "1/2-1/2"]
[WhiteElo "2376"]
[BlackElo "2616"]
[PlyCount "97"]
[EventDate "2012.10.11"]
[EventType "team-swiss"]
[EventRounds "7"]
[EventCountry "ISR"]
[SourceTitle "CBM 151"]
[Source "ChessBase"]
[SourceDate "2012.11.13"]
[SourceVersion "1"]
[SourceVersionDate "2012.11.13"]
[SourceQuality "1"]
[WhiteTeam "Minsk Ladia"]
[BlackTeam "Beer Sheva"]
[WhiteTeamCountry "BLR"]
[BlackTeamCountry "ISR"]

1. e4 e6 2. d3 d5 3. Nd2 Nf6 4. Ngf3 Nc6 5. e5 Nd7 6. d4 f6 7. exf6 Qxf6 8. Nb3 e5 9. dxe5 Ndxe5 10. Be2 Nxf3+ 11. Bxf3 Be6 12. 0-0 0-0-0 13. Bg4 Bxg4 14. Qxg4+ Kb8 15. Qg5 Be7 16. Qxf6 Bxf6 17. c3 Rhe8 18. Be3 Ne5 19. Rad1 b6 20. Rfe1 Kb7 21. Bc1 Nd3 22. Rxe8 Rxe8 23. Kf1 Nxc1 24. Nxc1 Kc6 25. Nd3 Kb5 26. Nf4 c6 27. Nh5 Re4 28. Nxf6 gxf6 29. b3 a5 30. g3 Kc5 31. Re1 Rxe1+ 32. Kxe1 d4 33. Kd2 Kd5 34. f3 a4 35. Kd3 axb3 36. axb3 dxc3 37. Kxc3 c5 38. Kd3 b5 39. Kc3 Ke5 40. Kd3 f5 41. h3 Ke6 42. Ke3 Kf6 43. g4 fxg4 44. hxg4 Kg5 45. Ke4 c4 46. bxc4 bxc4 47. Kd4 Kf4 48. Kxc4 Kxf3 49. g5 1/2-1/2

[Event "Novaya Ladoga Zinder Memorial"]
[Site "Novaya Ladoga"]
[Date "2012.06.24"]
[Round "1"]
[White "Bulanov, Dmitri"]
[Black "Smirnov, Vladimir Sergeevich"]
[Result "0-1"]
[WhiteElo "2398"]
[BlackElo "2279"]
[PlyCount "76"]
[EventDate "2012.06.24"]
[EventType "tourn"]
[EventRounds "9"]
[EventCountry "RUS"]
[SourceTitle "EXT 2013"]
[Source "ChessBase"]
[SourceDate "2012.11.22"]
[SourceVersion "1"]
[SourceVersionDate "2012.11.22"]
[SourceQuality "1"]

1. e4 c5 2. Nf3 Nc6 3. d4 cxd4 4. Nxd4 e5 5. Nb5 d6 6. c4 Be7 7. b3 a6 8. N5c3 Be6 9. Bd3 Bg5 10. Bb2 Nge7 11. 0-0 Ng6 12. Nd5 Bxd5 13. exd5 Nce7 14. Nc3 Bh6 15. b4 0-0 16. c5 f5 17. b5 e4 18. Bc2 Bf4 19. Ne2 axb5 20. Nxf4 Nxf4 21. g3 Nh3+ 22. Kg2 Ng5 23. Bb3 Nf3 24. Qe2 Ng6 25. Qxb5 Rb8 26. Bd1 f4 27. Bxf3 exf3+ 28. Kh1 Qc8 29. cxd6 fxg3 30. fxg3 Qc2 31. Rg1 f2 32. Rg2 Rbe8 33. Rf1 Re1 34. Bd4 Qd1 35. Bxf2 Rxf1+ 36. Bg1 Ne5 37. d7 Nf3 38. Qc5 Rxg1+ 0-1

[Event "BLR-ch 78th"]
[Site "Minsk"]
[Date "2012.01.22"]
[Round "11"]
[White "Bulanov, Dmitri"]
[Black "Kovalev, Vladislav"]
[Result "0-1"]
[WhiteElo "2387"]
[BlackElo "2453"]
[PlyCount "112"]
[EventDate "2012.01.12"]
[EventType "tourn"]
[EventRounds "11"]
[EventCountry "BLR"]
[EventCategory "9"]
[SourceTitle "CBM 146 Extra"]
[Source "ChessBase"]
[SourceDate "2012.02.29"]
[SourceVersion "1"]
[SourceVersionDate "2012.02.29"]
[SourceQuality "1"]

1. f4 d5 2. Nf3 g6 3. g3 Bg7 4. Bg2 Nh6 5. 0-0 0-0 6. c3 Nc6 7. d3 d4 8. e4 dxe3 9. d4 Nf5 10. Na3 Be6 11. Qe2 h5 12. Nc2 Na5 13. Nxe3 Nxe3 14. Qxe3 Nc4 15. Qf2 Bd5 16. f5 gxf5 17. Ng5 e6 18. Qe2 Qf6 19. Bxd5 exd5 20. Qxh5 Qg6 21. Qxg6 fxg6 22. Ne6 Rfc8 23. Bf4 c6 24. b3 Na3 25. g4 Bf6 26. gxf5 Nb5 27. fxg6 Re8 28. Rae1 Bh4 29. Bg3 Bxg3 30. hxg3 Nxc3 31. g7 Rxe6 32. Rxe6 Kxg7 33. a4 a5 34. Re7+ Kg6 35. Rxb7 Ne2+ 36. Kg2 Nxd4 37. Rb6 Re8 38. Rd1 Re4 39. Rd2 Kf5 40. b4 axb4 41. Rxb4 c5 42. Rb1 c4 43. Rf1+ Ke5 44. Ra2 c3 45. Rf4 c2 46. Rxe4+ Kxe4 47. Ra1 Ke3 48. a5 Nb3 49. Rf1 Nxa5 50. g4 Nc6 51. g5 Ne5 52. Re1+ Kd2 53. Rxe5 c1Q 54. Rxd5+ Ke3 55. Re5+ Kf4 56. Re2 Kxg5 0-1

[Event "BLR-ch 78th"]
[Site "Minsk"]
[Date "2012.01.21"]
[Round "10"]
[White "Lomako, Pavel"]
[Black "Bulanov, Dmitri"]
[Result "1/2-1/2"]
[WhiteElo "2385"]
[BlackElo "2387"]
[PlyCount "26"]
[EventDate "2012.01.12"]
[EventType "tourn"]
[EventRounds "11"]
[EventCountry "BLR"]
[EventCategory "9"]
[SourceTitle "CBM 146 Extra"]
[Source "ChessBase"]
[SourceDate "2012.02.29"]
[SourceVersion "1"]
[SourceVersionDate "2012.02.29"]
[SourceQuality "1"]

1. d4 Nf6 2. Nf3 d5 3. c4 e6 4. e3 c5 5. Nc3 Nc6 6. a3 cxd4 7. Nxd4 Be7 8. cxd5 exd5 9. Be2 0-0 10. 0-0 Re8 11. b3 Bc5 12. Ncb5 Ne5 13. Nf3 Nxf3+ 1/2-1/2

[Event "BLR-ch 78th"]
[Site "Minsk"]
[Date "2012.01.19"]
[Round "8"]
[White "Grib, Roman"]
[Black "Bulanov, Dmitri"]
[Result "1/2-1/2"]
[WhiteElo "2303"]
[BlackElo "2387"]
[PlyCount "49"]
[EventDate "2012.01.12"]
[EventType "tourn"]
[EventRounds "11"]
[EventCountry "BLR"]
[EventCategory "9"]
[SourceTitle "CBM 146 Extra"]
[Source "ChessBase"]
[SourceDate "2012.02.29"]
[SourceVersion "1"]
[SourceVersionDate "2012.02.29"]
[SourceQuality "1"]

1. c4 Nf6 2. Nf3 g6 3. g3 Bg7 4. Bg2 0-0 5. 0-0 d6 6. Nc3 e5 7. d3 c6 8. Rb1 a5 9. a3 h6 10. b4 axb4 11. axb4 Be6 12. Bb2 Nbd7 13. b5 Qe7 14. Nd2 d5 15. Qb3 Rfc8 16. Rfc1 Bf8 17. cxd5 cxd5 18. Nxd5 Bxd5 19. Bxd5 Nc5 20. Rxc5 Rxc5 21. Bc4 Rcc8 22. Nf3 Nd7 23. Nh4 Qf6 24. f4 Bc5+ 25. Kg2 1/2-1/2

[Event "St Petersburg Botvinnik 100 op"]
[Site "St Petersburg"]
[Date "2011.08.20"]
[Round "9"]
[White "Bazeev, German"]
[Black "Bulanov, Dmitri"]
[Result "0-1"]
[WhiteElo "2312"]
[BlackElo "2379"]
[PlyCount "106"]
[EventDate "2011.08.12"]
[EventType "swiss"]
[EventRounds "9"]
[EventCountry "RUS"]
[SourceTitle "CBM 143 Extra"]
[Source "ChessBase"]
[SourceDate "2011.08.29"]
[SourceVersion "1"]
[SourceVersionDate "2011.08.29"]
[SourceQuality "1"]

1. d4 Nf6 2. Nf3 g6 3. c4 Bg7 4. Nc3 0-0 5. e4 d6 6. Be2 e5 7. 0-0 Nc6 8. d5 Ne7 9. Ne1 Nd7 10. Be3 f5 11. f3 f4 12. Bf2 g5 13. Rc1 Ng6 14. c5 Nxc5 15. b4 Na6 16. Nb5 Bd7 17. a3 Bxb5 18. Bxb5 Nb8 19. Rc3 Rf7 20. Be2 Bf6 21. Nd3 Qe8 22. Nb2 Bd8 23. Nc4 b6 24. a4 Nd7 25. a5 Nf6 26. a6 g4 27. g3 Rg7 28. Kh1 h5 29. Rg1 Qd7 30. Qf1 Qa4 31. Bd1 Qxa6 32. gxf4 Nxf4 33. Be3 Qb5 34. Bxf4 exf4 35. Rc2 g3 36. Qh3 Qd7 37. Qxd7 Nxd7 38. hxg3 Rxg3 39. Rxg3+ fxg3 40. f4 h4 41. Bg4 Nf6 42. Bf3 Be7 43. e5 Ne8 44. f5 Bg5 45. Kg2 a5 46. f6 axb4 47. Bh5 Kf8 48. f7 Ng7 49. exd6 Nxh5 50. dxc7 Nf4+ 51. Kf3 Nxd5 52. Ne5 Rc8 53. Ke4 Rxc7 0-1

[Event "St Petersburg Botvinnik 100 op"]
[Site "St Petersburg"]
[Date "2011.08.16"]
[Round "5"]
[White "Palchun, Grigory"]
[Black "Bulanov, Dmitri"]
[Result "0-1"]
[WhiteElo "2144"]
[BlackElo "2379"]
[PlyCount "56"]
[EventDate "2011.08.12"]
[EventType "swiss"]
[EventRounds "9"]
[EventCountry "RUS"]
[SourceTitle "CBM 143 Extra"]
[Source "ChessBase"]
[SourceDate "2011.08.29"]
[SourceVersion "1"]
[SourceVersionDate "2011.08.29"]
[SourceQuality "1"]

1. e4 Nf6 2. e5 Nd5 3. d4 d6 4. Nf3 Nc6 5. c4 Nb6 6. exd6 cxd6 7. Nc3 g6 8. h3 Bg7 9. Be3 0-0 10. Be2 Bf5 11. 0-0 d5 12. c5 Nc4 13. Bc1 b6 14. cxb6 Nxb6 15. b3 e5 16. Nxe5 Nxe5 17. dxe5 Bxe5 18. Bb2 d4 19. Nb5 d3 20. Bxe5 dxe2 21. Qxe2 Bd3 22. Qf3 Bxb5 23. Rfd1 Qg5 24. Bf4 Qf6 25. Qg3 Rfe8 26. Bg5 Qf5 27. Rac1 Rac8 28. a4 Be2 0-1

[Event "BLR-ch U20"]
[Site "Minsk"]
[Date "2011.04.23"]
[Round "9"]
[White "Kovalev, Vladislav"]
[Black "Bulanov, Dmitri"]
[Result "1-0"]
[WhiteElo "2381"]
[BlackElo "2359"]
[PlyCount "79"]
[EventDate "2011.04.15"]
[EventType "tourn"]
[EventRounds "9"]
[EventCountry "BLR"]
[EventCategory "2"]
[SourceTitle "CBM 142 Extra"]
[Source "ChessBase"]
[SourceDate "2011.06.27"]
[SourceVersion "1"]
[SourceVersionDate "2011.06.27"]
[SourceQuality "1"]

1. e4 e5 2. Nf3 Nc6 3. d4 exd4 4. Nxd4 Qf6 5. Nb5 Bc5 6. Qe2 Bb6 7. N1c3 Nge7 8. Nd5 Nxd5 9. exd5+ Ne7 10. d6 cxd6 11. Be3 Qxb2 12. Rd1 Ba5+ 13. Bd2 Qxa2 14. Nxd6+ Kf8 15. Qc4 Bxd2+ 16. Kxd2 Qxc4 17. Bxc4 g6 18. Rhe1 Nf5 19. Nxf7 Rg8 20. Kc3 Rg7 21. g4 Rxf7 22. Bxf7 Nh6 23. Ba2 Nxg4 24. Rd6 b5 25. h4 a5 26. Kd4 Ra7 27. h5 Nh6 28. Rb6 Rb7 29. Rxb7 Bxb7 30. hxg6 hxg6 31. Kc5 Bc6 32. Bd5 Nf5 33. Be4 a4 34. Bd3 Kf7 35. c3 Ne7 36. Bxb5 d6+ 37. Kxd6 Bxb5 38. Rxe7+ Kf6 39. Ra7 g5 40. Ra5 1-0

[Event "Orsha"]
[Site "Orsha"]
[Date "2011.02.??"]
[Round "7"]
[White "Bulanov, Dmitri"]
[Black "Tsyhanchuk, Stanislav"]
[Result "1/2-1/2"]
[WhiteElo "2358"]
[BlackElo "2340"]
[PlyCount "138"]
[EventDate "2011.02.??"]
[EventType "tourn"]
[EventRounds "9"]
[EventCountry "BLR"]
[EventCategory "2"]
[SourceTitle "CBM 140 Extra"]
[Source "ChessBase"]
[SourceDate "2011.03.01"]
[SourceVersion "1"]
[SourceVersionDate "2011.03.01"]
[SourceQuality "1"]

1. e4 e5 2. Nf3 Nc6 3. Bb5 a6 4. Ba4 Nf6 5. 0-0 Be7 6. Re1 b5 7. Bb3 0-0 8. c3 d6 9. h3 Na5 10. Bc2 c5 11. d4 Qc7 12. Nbd2 cxd4 13. cxd4 Rd8 14. Nf1 exd4 15. Nxd4 d5 16. e5 Ne4 17. Bf4 Bc5 18. Ne3 Qb6 19. Nf3 Be6 20. Qe2 Nc4 21. Bd3 Rac8 22. b3 Nc3 23. Qc2 Nxe3 24. Bxe3 Bxe3 25. Rxe3 g6 26. Qd2 d4 27. Ree1 Bd5 28. Nh2 Be6 29. Qh6 Qc5 30. Nf3 Qf8 31. Qh4 h6 32. Qg3 Qg7 33. Nd2 g5 34. Nf3 Kh8 35. Kh2 a5 36. h4 g4 37. Nd2 Rc5 38. Qf4 Rdd5 39. b4 axb4 40. Nb3 Rc8 41. Nxd4 Rcd8 42. Nxe6 fxe6 43. Bc2 Rd2 44. Bb3 Ne2 45. Qf6 Rf8 46. Qxg7+ Kxg7 47. Rad1 Rb2 48. Rb1 Rxb1 49. Rxb1 Rxf2 50. Bxe6 g3+ 51. Kh3 h5 52. Bd7 Rf4 53. Bc6 Rg4 54. Rf1 Nf4+ 55. Rxf4 Rxf4 56. Bxb5 Re4 57. Kxg3 Rxe5 58. Bc4 Re4 59. Bb3 Kf6 60. Kh3 Rd4 61. g3 Rd2 62. Bc4 Ke5 63. Bf7 Kd4 64. Be6 Re2 65. Bf7 Re5 66. Kg2 Ke3 67. g4 hxg4 68. Kg3 Re7 69. Bb3 Rg7 1/2-1/2

[Event "Odessa Podgaets Memorial"]
[Site "Odessa"]
[Date "2010.11.25"]
[Round "6"]
[White "Fingerov, Dmitry"]
[Black "Bulanov, Dmitri"]
[Result "1-0"]
[WhiteElo "2388"]
[BlackElo "2370"]
[PlyCount "121"]
[EventDate "2010.11.20"]
[EventType "tourn"]
[EventRounds "11"]
[EventCountry "UKR"]
[EventCategory "4"]
[SourceTitle "CBM 139 Extra"]
[Source "ChessBase"]
[SourceDate "2011.01.05"]
[SourceVersion "1"]
[SourceVersionDate "2011.01.05"]
[SourceQuality "1"]

1. e3 f5 2. b3 e5 3. Bb2 d6 4. f4 e4 5. d3 exd3 6. Bxd3 Nf6 7. Nf3 Be7 8. 0-0 0-0 9. Nc3 d5 10. Ne5 Be6 11. Ne2 c5 12. c4 Nc6 13. cxd5 Nxe5 14. Bxe5 Nxd5 15. Qc1 Nb4 16. Bc4 Bxc4 17. Qxc4+ Qd5 18. Qc3 Qd3 19. Ng3 Qxc3 20. Bxc3 Nd5 21. Bb2 Rad8 22. Rae1 Nb4 23. Rd1 Nd3 24. Ba3 Rd5 25. Nxf5 Rdxf5 26. Rxd3 Rd8 27. Rxd8+ Bxd8 28. e4 Rh5 29. g3 c4 30. e5 cxb3 31. axb3 Rh6 32. f5 Ra6 33. Bc5 Bb6 34. Rc1 Kf7 35. Kg2 Bxc5 36. Rxc5 Rb6 37. Rc7+ Kf8 38. Rc3 Rb5 39. Re3 Rb4 40. Kf3 a5 41. Rc3 b5 42. e6 a4 43. bxa4 bxa4 44. Rc8+ Ke7 45. Rc7+ Kf8 46. Rf7+ Kg8 47. Ra7 Kf8 48. g4 h6 49. h3 Rb3+ 50. Kf4 a3 51. h4 Rb4+ 52. Ke5 Rxg4 53. Ra8+ Ke7 54. Rxa3 Rxh4 55. Ra7+ Kf8 56. Ra8+ Ke7 57. Rg8 Rg4 58. Rxg7+ Rxg7 59. f6+ Kf8 60. fxg7+ Kxg7 61. Kd6 1-0

[Event "Odessa Podgaets Memorial"]
[Site "Odessa"]
[Date "2010.11.23"]
[Round "4"]
[White "Bogdanovich, Stanislav"]
[Black "Bulanov, Dmitri"]
[Result "1-0"]
[WhiteElo "2479"]
[BlackElo "2370"]
[PlyCount "115"]
[EventDate "2010.11.20"]
[EventType "tourn"]
[EventRounds "11"]
[EventCountry "UKR"]
[EventCategory "4"]
[SourceTitle "CBM 139 Extra"]
[Source "ChessBase"]
[SourceDate "2011.01.05"]
[SourceVersion "1"]
[SourceVersionDate "2011.01.05"]
[SourceQuality "1"]

1. e4 c6 2. d4 d5 3. e5 c5 4. dxc5 Nc6 5. Nf3 Bg4 6. Bb5 e6 7. b4 Qc7 8. Bb2 Nge7 9. Nbd2 g6 10. 0-0 Bg7 11. Re1 0-0 12. a3 a5 13. bxa5 Nxa5 14. Bd4 Nac6 15. c3 Nxe5 16. Bxe5 Bxe5 17. Rxe5 Qxe5 18. Nxe5 Bxd1 19. Rxd1 Rxa3 20. c4 Rfa8 21. Kf1 Ra1 22. Rxa1 Rxa1+ 23. Ke2 Ra3 24. g4 f6 25. Nd3 Kf7 26. f4 Nc6 27. Nf3 dxc4 28. Bxc4 Rc3 29. Bb5 Na7 30. Ba4 Ra3 31. Bc2 Nc6 32. Kd2 Ke7 33. g5 Ra6 34. gxf6+ Kxf6 35. Nfe5 Nd4 36. Bd1 Ra3 37. Nc4 Ra2+ 38. Kc3 Nc6 39. Bc2 Ra8 40. Nde5 Ne7 41. Nd7+ Kg7 42. Be4 Nd5+ 43. Kb3 Rd8 44. Ndb6 Nxf4 45. Nd6 Nd5 46. Nxb7 Rb8 47. Nxd5 Rxb7+ 48. Nb4 Rb8 49. c6 Kf6 50. c7 Rc8 51. Na6 Kg5 52. Bb7 Rxc7 53. Nxc7 e5 54. Kc4 Kf4 55. Kd3 h5 56. Bg2 g5 57. Nd5+ Kf5 58. h3 1-0

[Event "Minsk op"]
[Site "Minsk"]
[Date "2010.08.08"]
[Round "5"]
[White "Bakin, Alexander1"]
[Black "Bulanov, Dmitri"]
[Result "1-0"]
[WhiteElo "2247"]
[BlackElo "2379"]
[PlyCount "85"]
[EventDate "2010.08.04"]
[EventType "swiss"]
[EventRounds "9"]
[EventCountry "BLR"]
[SourceTitle "CBM 137 Extra"]
[Source "ChessBase"]
[SourceDate "2010.09.01"]
[SourceVersion "1"]
[SourceVersionDate "2010.09.01"]
[SourceQuality "1"]

1. e4 c6 2. d4 d5 3. exd5 cxd5 4. Bd3 Nf6 5. h3 Nc6 6. c3 e6 7. Bf4 Bd6 8. Bxd6 Qxd6 9. Nf3 Ne4 10. Nbd2 f5 11. Bb5 0-0 12. 0-0 Rb8 13. Rb1 a6 14. Bxc6 bxc6 15. Ne5 a5 16. f3 Ng3 17. Re1 c5 18. Nb3 cxd4 19. cxd4 Ba6 20. Nc5 Bb5 21. a4 Be8 22. Ned3 Rf6 23. Qd2 f4 24. Re5 Bg6 25. Rbe1 Bxd3 26. Nxd3 Nf5 27. Qxf4 Ne7 28. Rxe6 Qxf4 29. Nxf4 Rxf4 30. Rxe7 Rxd4 31. Rd7 Kh8 32. Re2 Rg8 33. b3 Rd3 34. Re5 Rxb3 35. Rexd5 Rb6 36. Rxa5 Rc8 37. Rad5 Rbb8 38. Rd4 h6 39. Rg4 g5 40. h4 Rb1+ 41. Kh2 Rc5 42. Re4 Rb8 43. Re6 1-0

[Event "Minsk op"]
[Site "Minsk"]
[Date "2010.08.05"]
[Round "2"]
[White "Bulanov, Dmitri"]
[Black "Harshkou, Mikita"]
[Result "1/2-1/2"]
[WhiteElo "2379"]
[BlackElo "2175"]
[PlyCount "82"]
[EventDate "2010.08.04"]
[EventType "swiss"]
[EventRounds "9"]
[EventCountry "BLR"]
[SourceTitle "CBM 137 Extra"]
[Source "ChessBase"]
[SourceDate "2010.09.01"]
[SourceVersion "1"]
[SourceVersionDate "2010.09.01"]
[SourceQuality "1"]

1. e4 e6 2. d4 d5 3. Nc3 Nf6 4. e5 Nfd7 5. Nce2 c5 6. c3 Nc6 7. f4 a6 8. Nf3 b5 9. a3 Qb6 10. g4 h5 11. Bh3 hxg4 12. Bxg4 f5 13. exf6 Nxf6 14. Rg1 Nxg4 15. Rxg4 cxd4 16. cxd4 e5 17. Rg6 Bf5 18. Rg5 Be4 19. Nc3 0-0-0 20. fxe5 Be7 21. Rg4 Bxf3 22. Qxf3 Nxd4 23. Qd3 Rh4 24. Rxh4 Bxh4+ 25. Kd1 Nb3 26. Be3 d4 27. Nd5 Rxd5 28. Qxb3 Qe6 29. Rc1+ Kb8 30. Bf4 d3 31. Kd2 g5 32. Rc5 Be1+ 33. Kxe1 d2+ 34. Bxd2 Qxe5+ 35. Kd1 Rxc5 36. Qg8+ Kb7 37. Qf7+ Rc7 38. Qf3+ Kb8 39. Qf8+ Kb7 40. Qf3+ Kb8 41. Qf8+ Kb7 1/2-1/2